Prokrastinace - trápí vás taky?
Odkladanie činnosti - príčiny, ktorí jedinci sa tým vyznačujú, čo s tým.
Uložené v:
| Hlavný autor: | |
|---|---|
| Médium: | Kapitola |
| Jazyk: | Czech |
| Predmet: | |
| Tagy: |
Žiadne tagy, Buďte prvý, kto otaguje tento záznam!
|
MARC
| LEADER | 00000naa a2200000 4500 | ||
|---|---|---|---|
| 001 | 0127130 | ||
| 005 | 20231113132711.1 | ||
| 041 | 0 | |a cze | |
| 044 | |a CZ | ||
| 245 | 1 | 0 | |a Prokrastinace - trápí vás taky? |c Michal Novák |
| 520 | |a Odkladanie činnosti - príčiny, ktorí jedinci sa tým vyznačujú, čo s tým. | ||
| 610 | 2 | 0 | |a psychológia práce |
| 610 | 2 | 0 | |a prokrastinácia |
| 610 | 2 | 0 | |a sebakontrola |
| 100 | 1 | |a Novák, Michal | |